000 00719nam a2200265Ia 4500
003 OSt
005 20221006140901.0
006 a|||||r|||| 00| 0
007 ta
008 221006b |||||||| |||| 00| 0 jpn d
020 _a9784585040699
_c¥3200
024 _a880
037 _bGift, Japan Foundation
_cTextual
040 _aEASL
_cEASL
_bjpn
041 _2jpn
_ajpn
082 _aL.42, PO
100 _aISHIDA Hidemi Ed.
_9643642
245 0 _aHigashi Ajia no shintai giho
260 _aTokyo
_bTsutomu Makoto Japan
_c2000
300 _a400p.
_ccm.
490 _v JL
650 _aJL
942 _hL.42, PO
_cTEXL
_2CC
999 _c1068966
_d1068966